NFL: Records since 2019 - Statistics

General Stats
  • This quiz has been taken 95 times
  • The average score is 17 of 32
Answer Stats
Rank Wins-Losses-Ties Team Conference After 2024 season % Correct
32 35-82 New York Jets AFC #30 (↓2)
85%
1 84-33 Kansas City Chiefs AFC #1 (●)
83%
30 37-80 Carolina Panthers NFC #32 (↑2)
78%
28 45-72 Jacksonville Jaguars AFC #30 (↑2)
74%
2 83-34 Buffalo Bills AFC #2 (●)
72%
4 76-41 Baltimore Ravens AFC #3 (↓1)
65%
48-69 Chicago Bears NFC N #28 (↑4)
65%
6 72-45 San Francisco 49ers NFC W #6 (●)
63%
31 36-80-1 New York Giants NFC #29 (↓2)
61%
26 46-70-1 Washington Commanders NFC #24 (↓2)
61%
3 76-40-1 Green Bay Packers NFC #4 (↑1)
57%
5 72-44-1 Philadelphia Eagles NFC #5 (●)
57%
29 43-73-1 Arizona Cardinals NFC #26 (↓3)
54%
17 56-59-2 Detroit Lions NFC #17 (●)
54%
8 68-48-1 Pittsburgh Steelers AFC #8 (●)
54%
24 48-69 Atlanta Falcons NFC S #27 (↑3)
52%
9 68-49 Minnesota Vikings NFC N #7 (↓2)
52%
22 51-66 Tennessee Titans AFC S #16 (↓6)
52%
72-45 Seattle Seahawks NFC W #9 (↑3)
50%
20 53-63-1 Houston Texans AFC #24 (↑4)
48%
19 56-61 Denver Broncos AFC #23 (↑4)
46%
59-58 New England Patriots AFC E #21 (↑7)
46%
12 64-52-1 Dallas Cowboys NFC #11 (↓1)
44%
16 58-59 Los Angeles Chargers AFC #18 (↑2)
44%
68-49 Los Angeles Rams NFC W #12 (↑3)
44%
21 52-64-1 Cincinnati Bengals AFC #19 (↓2)
43%
51-66 Cleveland Browns AFC N #20 (↓2)
43%
11 66-51 Tampa Bay Buccaneers NFC #9 (↓2)
43%
27 46-71 Las Vegas Raiders AFC #22 (↓5)
41%
14 59-58 Miami Dolphins AFC E #14 (●)
39%
18 56-60-1 Indianapolis Colts AFC #15 (↓3)
35%
13 61-56 New Orleans Saints NFC #13 (●)
35%
No matching quizzes found
Score Distribution
Percent of People with Each Score
Percentile by Number Answered
Your Score History
You have not taken this quiz